Size or Population - Statystyki

Ogólne statystyki
  • Ten quiz został rozwiązany 15 razy
    5 od ostatniego zresetowania
  • Średni wynik to 8 z 12
Statystyki odpowiedzi
Zagadnienie Odpowiedź % Poprawnych
China Population
100%
South Africa Size
100%
Turkmenistan Size
100%
Turkey Population
80%
Ecuador Population
80%
France Population
60%
Mexico Population
60%
Poland Population
60%
Cameroon Population
60%
Croatia Size
60%
Thailand Population
40%
Panama Size
40%
Nie znaleziono quizów pasujących do podanych kryteriów
Rozkład punktacji
Procent ludzi z każdym wynikiem
Percentyl według liczby udzielonych odpowiedzi
Twoja historia wyników
Nie rozwiązałeś tego quizu od ostatniego zresetowania